| 000 | 00430nam a22001697a 4500 | ||
|---|---|---|---|
| 005 | 20251010121411.0 | ||
| 008 | 251008b |||||||| |||| 00| 0 eng d | ||
| 020 | _a978-93-550-1076-6 | ||
| 041 | _aeng | ||
| 082 | _a657.046SHU-A | ||
| 100 |
_aSHUKLA, MC & GREWAL, TS AND GUPTA,SC _98717 |
||
| 245 | _aADVANCED ACCOUNTS [VOL-I] | ||
| 250 | _a19TH ED. | ||
| 260 |
_aNEW DELHI _bS CHAND _c1960 |
||
| 300 | _a17.50;P | ||
| 942 | _cBK | ||
| 999 |
_c8890 _d8888 |
||